En legítima desobediencia (Record no. 66756)

MARC details
000 -LEADER
campo de control de longitud fija 00829nam a2200229 i 4500
001 - NÚMERO DE CONTROL
campo de control 66756
003 - IDENTIFICADOR DE NÚMERO DE CONTROL
campo de control ES-MaACL
005 - FECHA Y HORA DE LA ÚLTIMA TRANSACCIÓN
campo de control 20230906165822.0
007 - CAMPO FIJO DE DESCRIPCIÓN FÍSICA--INFORMACIÓN GENERAL
campo de control de longitud fija t|
008 - DATOS DE LONGITUD FIJA--INFORMACIÓN GENERAL
campo de control de longitud fija 020429s2002 sp ||||0| spa d
020 ## - NÚMERO INTERNACIONAL ESTÁNDAR DEL LIBRO
Número Internacional Estándar del Libro 84-607-4295-4
080 ## - NÚMERO DE LA CLASIFICACIÓN DECIMAL UNIVERSAL
Número de la Clasificación Decimal Universal 355.016(460)(091)
080 ## - NÚMERO DE LA CLASIFICACIÓN DECIMAL UNIVERSAL
Número de la Clasificación Decimal Universal 327.366(460)(091)
245 00 - MENCIÓN DEL TÍTULO
Título En legítima desobediencia
Resto del título : tres décadas de objeción, insumisión y antimilitarismo /
Mención de responsabilidad, etc. [autor@s, Movimiento Objeción de Conciencia].
250 ## - MENCION DE EDICION
Mención de edición 1ª ed.
260 ## - PUBLICACIÓN, DISTRIBUCIÓN, ETC.
Lugar de publicación, distribución, etc. [Madrid] :
Nombre del editor, distribuidor, etc. Proyecto Editorial Traficantes de Sueños :
-- Movimiento Objeción de Conciencia,
Fecha de publicación, distribución, etc. 2002.
300 ## - DESCRIPCIÓN FÍSICA
Extensión 348 p. :
Otras características físicas il. ;
Dimensiones 24 cm.
650 #4 - PUNTO DE ACCESO ADICIONAL DE MATERIA--TÉRMINO DE MATERIA
Término de materia o nombre geográfico como elemento de entrada Objeción de conciencia-
Subdivisión geográfica España.
9 (RLIN) 15658
650 #4 - PUNTO DE ACCESO ADICIONAL DE MATERIA--TÉRMINO DE MATERIA
Término de materia o nombre geográfico como elemento de entrada Antimilitarismo-
Subdivisión geográfica España.
9 (RLIN) 9856
710 2# - ENTRADA AGREGADA--NOMBRE DE ENTIDAD CORPORATIVA
Nombre de entidad corporativa o nombre de jurisdicción como elemento de entrada Movimiento Objeción de Conciencia.
9 (RLIN) 5786
852 ## - LOCALIZACIÓN
Ubicación ES-MaACL
Número de control de estantería L-27235
Holdings
Estatus retirado Estado de pérdida Estado de daño No para préstamo Biblioteca de origen Biblioteca actual Ubicación en estantería Fecha de adquisición Fuente de adquisición Total de préstamos Signatura topográfica completa Código de barras Visto por última vez Precio de reemplazo Tipo de ítem Koha
        Biblioteca del Ateneo de Madrid Biblioteca del Ateneo de Madrid Depósito 2 17/01/2008     L-27235 1069922 23/02/2023 23/02/2023 Libro impreso